| 000 | 00890cam a22002652 4500 | ||
|---|---|---|---|
| 001 | 0000003076 | ||
| 005 | 20151217151914.0 | ||
| 008 | 070426s xx 000 0 eng d | ||
| 020 |
_a8174731474 : _cKES 755 |
||
| 040 |
_aKABU _cKABU |
||
| 050 | 0 |
_aHG8051 _b.H65 2002 |
|
| 100 | 1 |
_aHolyoake, Julia. _@0000152708 |
|
| 245 | 1 | 0 |
_aInsurance / _cJulia Holyoake, William Weipers. |
| 250 | _a4th ed. | ||
| 260 |
_aLondon? : _bInstitute of Financial services _aDelhi : _bA.I.T.B.S., _c2002. |
||
| 300 |
_axiv, 344 p. ; _c25 cm. |
||
| 650 | 0 |
_aInsurance. _@0000152709 |
|
| 700 | 1 |
_aWeipers, William. _@0000152710 |
|
| 908 | _a070426 | ||
| 950 | _@1 | ||
| 999 |
_c6216 _d6216 |
||